00342nam a2200133 a 450008200150000010000150001524500720003026000090010230000080011150000350011950500100015465000290016470000150019300a297.5bMIN aMingana, A aAncient Translation of the Kuran Exhibiting New Verses and Variants c1925 a50p aincludes index and biblioraphy2 aIndex aQuran-Syriac Translation1 aMingana, A